000 00339nam a22001217a 4500
003 SGT
082 _a954
_bC16
100 _aवसी, आसिफ
245 _aचम्पारण सत्याग्रह के 100 वर्ष
260 _b गाँधी संग्राहलय
_c2016
300 _a160
942 _2ddc
_cBK
999 _c31956
_d31956